| 000 | 00654cab a2200229 4500 | ||
|---|---|---|---|
| 001 | ABS51480 | ||
| 008 | 090401t1994 xxu||||| |||| 00| 0 eng d | ||
| 035 | _a(Sirsi) u29522 | ||
| 041 | _aeng | ||
| 245 | _aCorridor ends in gateway | ||
| 260 | _c1994 | ||
| 350 | _a0 | ||
| 490 |
_aPlanning (for the Natural and Built Environment) _v(1087) 23 September 1994, 6-7(2) |
||
| 520 | _aUnveils plans for the Thames Gateway project for regenerating the East Thames Corridor. Map. | ||
| 650 | _aEAST THAMES CORRIDOR | ||
| 650 | _aESSEX | ||
| 650 | _aKENT | ||
| 650 | _aTHAMES GATEWAY | ||
| 690 | _aURBAN RENEWAL | ||
| 942 | _n0 | ||
| 948 | _c04/03/1997 | ||
| 999 |
_c19876 _d19876 |
||